| 000 | 00878nam a2200229 a 4500 | ||
|---|---|---|---|
| 001 | 52911 | ||
| 003 | BD-RjUL | ||
| 005 | 20211209075859.0 | ||
| 008 | 160928s1969 ii ||||| |||| 00| 0 ben d | ||
| 035 | _a(BD-RjUL)53031 | ||
| 040 |
_aBD-RjUL _bben _cBD-RjUL |
||
| 041 | _aben | ||
| 082 |
_223 _a891.4409 _bMAS 1959 |
||
| 100 |
_aমজুমদার, মোহিতলাল _9118516 |
||
| 245 | 1 | 0 |
_aসাহিত্য-কথা / _cমোহিতলাল মজুমদার |
| 250 | _a২য় সং. | ||
| 260 |
_aহাওড়া : _bদিনান্তিকা, _c১৯৫৯ (১৩৬৬) |
||
| 300 |
_a[১৬], ২৩৬ পৃ. ; _c২৩ সেমি. |
||
| 650 |
_aবাংলা সাহিত্য _xইতিহাস ও সমালোচনা _9158177 |
||
| 650 |
_aBengali Literature _xHistory and Criticism _9158178 |
||
| 942 |
_2ddc _cBK |
||
| 999 |
_c52911 _d52911 |
||